Reflexivkonstruktionen in romanischen und germanischen Sprachen
Saved in:
| Main Author: | |
|---|---|
| Format: | Chapter/Article |
| Language: | German |
| Published: |
2015
|
| In: |
Comparatio delectat ; 2: Akten der VII. Internationalen Arbeitstagung zum romanisch-deutschen und innerromanischen Sprachvergleich, Innsbruck, 6. - 8. September 2012
Year: 2015, Pages: 445-465 |
| Online Access: |
|
| Author Notes: | Jörn Albrecht |
MARC
| LEADER | 00000caa a22000002c 4500 | ||
|---|---|---|---|
| 001 | 1498511821 | ||
| 003 | DE-627 | ||
| 005 | 20220811214155.0 | ||
| 007 | tu | ||
| 008 | 150401s2015 xx ||||| 00| ||ger c | ||
| 035 | |a (DE-627)1498511821 | ||
| 035 | |a (DE-576)428511821 | ||
| 035 | |a (DE-599)BSZ428511821 | ||
| 035 | |a (OCoLC)1340677658 | ||
| 040 | |a DE-627 |b ger |c DE-627 |e rakwb | ||
| 041 | |a ger | ||
| 084 | |a 51 |2 sdnb | ||
| 100 | 1 | |a Albrecht, Jörn |d 1939- |0 (DE-588)121392996 |0 (DE-627)081278756 |0 (DE-576)160046920 |4 aut | |
| 245 | 1 | 0 | |a Reflexivkonstruktionen in romanischen und germanischen Sprachen |c Jörn Albrecht |
| 264 | 1 | |c 2015 | |
| 300 | |a 21 | ||
| 336 | |a Text |b txt |2 rdacontent | ||
| 337 | |a ohne Hilfsmittel zu benutzen |b n |2 rdamedia | ||
| 338 | |a Band |b nc |2 rdacarrier | ||
| 773 | 0 | 8 | |i In |a Internationale Arbeitstagung zum Romanisch-Deutschen und Innerromanischen Sprachvergleich (7. : 2012 : Innsbruck) |t Comparatio delectat ; 2: Akten der VII. Internationalen Arbeitstagung zum romanisch-deutschen und innerromanischen Sprachvergleich, Innsbruck, 6. - 8. September 2012 |d Frankfurt am Main : Lang-Ed., 2015 |g (2015), Seite 445-465 |h S. 438 - 877 |w (DE-627)1498511597 |w (DE-576)428511597 |z 9783631643051 |7 nnam |
| 773 | 1 | 8 | |g year:2015 |g pages:445-465 |g extent:21 |a Reflexivkonstruktionen in romanischen und germanischen Sprachen |
| 951 | |a AR | ||
| 992 | |a 20150401 | ||
| 993 | |a BookComponentPart | ||
| 994 | |a 2015 | ||
| 998 | |g 121392996 |a Albrecht, Jörn |m 121392996:Albrecht, Jörn |d 90000 |d 90900 |e 90000PA121392996 |e 90900PA121392996 |k 0/90000/ |k 1/90000/90900/ |p 1 |x j |y j | ||
| 999 | |a KXP-PPN1498511821 |e 2836965649 | ||
| BIB | |a Y | ||
| JSO | |a {"type":{"bibl":"chapter"},"name":{"displayForm":["Jörn Albrecht"]},"physDesc":[{"extent":"21 S."}],"id":{"eki":["1498511821"]},"recId":"1498511821","person":[{"display":"Albrecht, Jörn","given":"Jörn","family":"Albrecht","role":"aut"}],"language":["ger"],"relHost":[{"disp":"Internationale Arbeitstagung zum Romanisch-Deutschen und Innerromanischen Sprachvergleich (7. : 2012 : Innsbruck)Comparatio delectat ; 2: Akten der VII. Internationalen Arbeitstagung zum romanisch-deutschen und innerromanischen Sprachvergleich, Innsbruck, 6. - 8. September 2012","relMultPart":[{"part":{"number":["2"],"number_sort":["2,2"]},"id":{"isbn":["9783631596838"],"eki":["141976179X"]},"language":["ger","fre","spa","ita"],"person":[{"given":"Eva","display":"Lavric, Eva","family":"Lavric","role":"edt"},{"role":"edt","family":"Konecny","given":"Christine","display":"Konecny, Christine"},{"given":"Carmen","display":"Konzett-Firth, Carmen","family":"Konzett-Firth","role":"edt"},{"role":"edt","family":"Pöckl","given":"Wolfgang","display":"Pöckl, Wolfgang"},{"family":"Messner","role":"edt","given":"Monika","display":"Messner, Monika"},{"display":"Jacinto García, Eduardo","given":"Eduardo","role":"edt","family":"Jacinto García"}],"recId":"141976179X","type":{"bibl":"edited-book"},"name":{"displayForm":["hrsg. von Eva Lavric, Christine Konecny, Carmen Kozett-Firth, Wolfgang Pöckl, Monika Messner und Eduardo Jacinto García"]},"origin":[{"publisher":"Peter Lang ; Lang-Ed. ; Lang","dateIssuedDisp":"2011-","publisherPlace":"Berlin ; Bern ; Bruxelles ; New York ; Oxford ; Warszawa ; Wien ; Frankfurt am Main ; Bern ; Wien [u.a.] ; Frankfurt am Main ; Berlin ; Bern ; Wien [u.a.]","dateIssuedKey":"2011"}],"corporate":[{"role":"oth","display":"Internationale Arbeitstagung zum Romanisch-Deutschen Sprachvergleich"}],"note":["Beitr. teilw. dt., teilw. franz., teilw. span., teilw. ital"],"title":[{"title_sort":"Comparatio delectat","title":"Comparatio delectat"}],"ga":1},{"part":{"number":["7"],"number_sort":["7,2"]},"physDesc":[{"noteFormat":"22 cm"}],"pubHistory":["1.2002-Band 12"],"language":["ger"],"ga":1,"disp":"InnTrans","type":{"bibl":"serial"},"recId":"372371280","id":{"eki":["372371280"],"zdb":["2123690-2"],"issn":["1437-9007"]},"title":[{"title":"InnTrans","title_sort":"InnTrans","subtitle":"Innsbrucker Beiträge zu Sprache, Kultur und Translation"}],"origin":[{"publisherPlace":"Berlin ; Bern ; Wien ; Frankfurt, M. ; Berlin ; Bern ; Bruxelles ; New York, NY ; Oxford ; Wien ; Frankfurt am Main ; Bern ; Wien","dateIssuedDisp":"2002-[2019]","publisher":"Peter Lang ; Lang ; Peter Lang Edition","dateIssuedKey":"2002"}],"dispAlt":"InnTrans"}],"part":{"text":"(2015), Seite 445-465","year":"2015","extent":"21","pages":"445-465"},"type":{"bibl":"book"},"physDesc":[{"noteIll":"Ill., graph. Darst.","extent":"S. 438 - 877"}],"id":{"eki":["1498511597"],"isbn":["9783631643051"]},"language":["ger","fre","spa","ita"],"recId":"1498511597","title":[{"subtitle":"Teil 2","title":"Akten der VII. Internationalen Arbeitstagung zum romanisch-deutschen und innerromanischen Sprachvergleich, Innsbruck, 6. - 8. September 2012"}],"note":["Beitr. teilw. dt., teilw. franz., teilw. span., teilw. ital"],"corporate":[{"display":"Internationale Arbeitstagung zum Romanisch-Deutschen und Innerromanischen Sprachvergleich (7., 2012, Innsbruck)","role":"aut"}],"origin":[{"publisherPlace":"Frankfurt am Main ; Bern ; Wien [u.a.]","dateIssuedDisp":"2015","publisher":"Lang-Ed.","dateIssuedKey":"2015"}]}],"title":[{"title_sort":"Reflexivkonstruktionen in romanischen und germanischen Sprachen","title":"Reflexivkonstruktionen in romanischen und germanischen Sprachen"}],"origin":[{"dateIssuedDisp":"2015","dateIssuedKey":"2015"}]} | ||
| SRT | |a ALBRECHTJOREFLEXIVKO2015 | ||